Αριστοτέλης Μανωλέας : ένας πρόμαχος του ελληνικού σοσιαλισμού

Saved in:
Bibliographic Details
Main Author: Μανωλέας, Αριστοτέλης, 1915-2001
Other Authors: Σκανδαλίδης, Κώστας Ε., 1946- (Editor)
Format: Book
Language:Greek
Published: Αθήνα : Λιβάνη, 2007
Series:Βιογραφίες (Λιβάνη)
Subjects:
Tags: Add Tag
No Tags, Be the first to tag this record!

MARC

LEADER 00000cam a2200000 i 4500
001 1/48604
008 070719s2007 gr | ||| |||| ||gre||
020 |a 9789601415130 
035 |l 10088961 
040 |a GR-MY-UA  |b gre  |e aacr 
041 0 |a gre 
082 0 |a 320.5  |2 (22) 
100 1 |a Μανωλέας, Αριστοτέλης,   |d 1915-2001. 
245 1 0 |a Αριστοτέλης Μανωλέας :  |b ένας πρόμαχος του ελληνικού σοσιαλισμού /  |c Αριστοτέλης Μανωλέας ; προλεγόμενα-σχόλια-επιμέλεια κειμένων: Κώστας Ε. Σκανδαλίδης 
260 |a Αθήνα :   |b Λιβάνη,   |c 2007 
300 |a 141 σ.;  |b εικ.;  |c 24 εκ. 
490 1 |a (Βιογραφίες / Λιβάνη) 
504 |a Περιλαμβάνει ευρετήριο 
600 1 0 |a Μανωλέας, Αριστοτέλης,   |d 1915-2001. 
650 0 0 |a Biography. 
650 0 0 |a Biography  |y 20th century. 
650 0 0 |a Socialism  |z Greece. 
650 0 0 |a Socialism  |z Greece  |y 20th century. 
700 1 |4 edt  |a Σκανδαλίδης, Κώστας Ε.,   |d 1946- 
830 0 |a Βιογραφίες (Λιβάνη) 
852 |a INST  |b RHODES  |e 20070719  |h 320.5 ΜΑΝ  |p 005400026290  |q 005400026290  |t BK  |y 0 
901 |a BIBL4-2007-2 
970 |a ΧΑΡΙΟΠΟΛΙΤΟΥ  |b ΚΩΝΣΤΑΝΤΙΝΑ  |z 2007/07/19